| 000 | 00669nam a22001817a 4500 | ||
|---|---|---|---|
| 999 |
_c58946 _d58946 |
||
| 003 | Ge_BSU | ||
| 005 | 20221021161704.0 | ||
| 008 | 221021s1973 ge ||||| |||| 00| 0 geo d | ||
| 041 | _ageo | ||
| 080 | _a2+141.45 ფ-25 | ||
| 100 |
_aფანჯიკიძე, თეიმურაზ _912191 |
||
| 245 |
_aრელიგია და თანამედროვეობა / _cთეიმურაზ ფანჯიკიძე. |
||
| 264 |
_aთბილისი : _bსაბჭ. საქართველო, _c1973. |
||
| 300 |
_a161 გვ. ; _b20 სმ. |
||
| 653 | _aათეიზმი. | ||
| 653 | _aრელიგია | ||
| 942 |
_2udc _cBK |
||